“凉面/冷面”地点数量≥200的地级行政区 Prefectures with ≥200 Liang/lengmian sites - Statistics

General Stats
  • This quiz has been taken 56 times
  • The average score is 15 of 23
Answer Stats
地级行政区 数量 % Correct
北京 711
100%
沈阳 1004
94%
哈尔滨 436
94%
大连 395
94%
长春 691
92%
上海 307
90%
天津 496
84%
延边 236
84%
吉林 292
80%
齐齐哈尔 259
78%
青岛 301
65%
鞍山 236
65%
石家庄 316
57%
郑州 281
57%
牡丹江 256
57%
重庆 240
57%
成都 249
53%
抚顺 287
45%
杭州 236
41%
鸡西 359
35%
徐州 691
25%
广元 541
2%
榆林 326
0%
No matching quizzes found
Score Distribution
Percent of People with Each Score
Percentile by Number Answered
Your Score History
You have not taken this quiz